| 000 | 01389nam a2200385Ii 4500 | ||
|---|---|---|---|
| 001 | DIGEXCED0002 | ||
| 003 | NyNyDIG | ||
| 006 | m o d | ||
| 007 | cr ||||||||||| | ||
| 008 | 240801s2022 ec a ob 000 0 spa d | ||
| 035 | _a(OCoLC)1452350305 | ||
| 040 |
_aDGITA _beng _erda _epn _cDGITA |
||
| 020 |
_a9789942705518 _qeBook |
||
| 043 | _an-mx--- | ||
| 050 | 1 | 4 | _aLB1501 ebook |
| 100 | 1 |
_aRodríguez Ruíz, Ana Elena, _eauthor. |
|
| 245 | 1 | 0 |
_aAlfabetización científica en alumnos de secundarias públicas : _bun estudio de caso / _cAna Elena Rodríguez Ruíz [and 3 others]. |
| 264 | 1 |
_aGuayaquil, Ecuador : _bEditorial Exced, _c2022. |
|
| 300 |
_a1 online resource : _billustrations. |
||
| 336 |
_atext _btxt _2rdacontent |
||
| 337 |
_acomputer _bc _2rdamedia |
||
| 338 |
_aonline resource _bcr _2rdacarrier |
||
| 347 |
_atext file _2rdaft |
||
| 347 | _bPDF | ||
| 504 | _aIncludes bibliographical references. | ||
| 588 | 0 | _aOnline resource; title from PDF title page (Digitalia, viewed August 1, 2024) | |
| 650 | 0 |
_aEducation, Primary _zMexico. |
|
| 650 | 0 |
_aLiteracy _zMexico. |
|
| 650 | 0 |
_aEducation _xResearch. |
|
| 791 | 2 |
_aDigitalia (Firm), _edistributor. |
|
| 793 | 0 |
_gDigitalia eBook Collection: _aEditorial Exced |
|
| 856 | 4 | 0 |
_3Digitalia Hispánica _uhttps://www.digitaliapublishing.com/a/158108/ |
| 910 | _aPremium collection: 2024 | ||
| 942 | _cRAA | ||
| 999 |
_c287361 _d287361 |
||